On your case : (Record no. 1416)
[ view plain ]
| 000 -LEADER | |
|---|---|
| fixed length control field | 02457cam a2200373Ii 4500 |
| 003 - CONTROL NUMBER IDENTIFIER | |
| control field | data |
| 005 - DATE AND TIME OF LATEST TRANSACTION | |
| control field | 20260322212059.0 |
| 008 - FIXED-LENGTH DATA ELEMENTS--GENERAL INFORMATION | |
| fixed length control field | data |
| 019 ## - | |
| -- | 903608002 |
| -- | 903608002 |
| 020 ## - INTERNATIONAL STANDARD BOOK NUMBER | |
| International Standard Book Number | 9780062307996 |
| 020 ## - INTERNATIONAL STANDARD BOOK NUMBER | |
| International Standard Book Number | 0062307991 |
| 040 ## - CATALOGING SOURCE | |
| Original cataloging agency | PNX |
| Language of cataloging | eng |
| Description conventions | rda |
| Transcribing agency | PNX |
| Modifying agency | UtOrBLW |
| -- | OCLCO |
| -- | VWL |
| -- | CPL |
| -- | BTCTA |
| -- | BDX |
| -- | YDXCP |
| -- | CCE |
| -- | JBL |
| -- | BUR |
| -- | OCLCQ |
| -- | UtOrBLW |
| 043 ## - GEOGRAPHIC AREA CODE | |
| Geographic area code | n-us--- |
| 049 ## - LOCAL HOLDINGS (OCLC) | |
| Holding library | OHLM |
| 050 #4 - LIBRARY OF CONGRESS CALL NUMBER | |
| Classification number | KF390.W6 |
| Item number | G739 2015 |
| 082 04 - DEWEY DECIMAL CLASSIFICATION NUMBER | |
| Classification number | 346.0134 |
| Edition information | 23 |
| 082 04 - DEWEY DECIMAL CLASSIFICATION NUMBER | |
| Classification number | 344 |
| Edition information | 23 |
| 092 ## - LOCALLY ASSIGNED DEWEY CALL NUMBER (OCLC) | |
| Classification number | 346.01 G739 2015 |
| 001 - CONTROL NUMBER | |
| control field | data |
| 100 1# - MAIN ENTRY--PERSONAL NAME | |
| Personal name | Green, Lisa |
| Titles and words associated with a name | (Lawyer), |
| Relator term | author. |
| 245 10 - TITLE STATEMENT | |
| Title | On your case : |
| Remainder of title | a comprehensive, compassionate (and only slightly bossy) legal guide for every stage of a woman's life / |
| Statement of responsibility, etc. | Lisa Green. |
| 250 ## - EDITION STATEMENT | |
| Edition statement | First edition. |
| 260 ## - PUBLICATION, DISTRIBUTION, ETC. | |
| Place of publication, distribution, etc. | New York, NY : |
| Name of publisher, distributor, etc. | HarperCollins, |
| Date of publication, distribution, etc. | 2015. |
| 264 #1 - PRODUCTION, PUBLICATION, DISTRIBUTION, MANUFACTURE, AND COPYRIGHT NOTICE | |
| Place of production, publication, distribution, manufacture | New York, NY : |
| Name of producer, publisher, distributor, manufacturer | William Morrow, an imprint of HarperCollinsPublishers, |
| Date of production, publication, distribution, manufacture, or copyright notice | [2015] |
| 300 ## - PHYSICAL DESCRIPTION | |
| Extent | x, 390 pages ; |
| Dimensions | 24 cm. |
| Other physical details | cm. |
| 336 ## - CONTENT TYPE | |
| Content type term | text |
| Content type code | txt |
| Source | rdacontent. |
| 337 ## - MEDIA TYPE | |
| Media type term | unmediated |
| Media type code | n |
| Source | rdamedia. |
| 338 ## - CARRIER TYPE | |
| Carrier type term | volume |
| Carrier type code | nc |
| Source | rdacarrier. |
| 504 ## - BIBLIOGRAPHY, ETC. NOTE | |
| Bibliography, etc. note | Includes bibliographical references (pages 335-371) and index. |
| 505 0# - FORMATTED CONTENTS NOTE | |
| Formatted contents note | Introduction: Your friend at the bar -- One: Relationships and the law. Launching a relationship : when is online over the line? ; Cohabitation : does practice make perfect? ; Marriage basics ; Common-law marriage ; Civil unions and domestic partnerships ; Prenuptial (and postnuptial) agreements ; Four-prong problems : who keeps the engagement ring? -- Two: Separation and divorce. Separation without anxiety ; All about annulment ; Divorce : getting started ; Divorce : property and support ; Child custody ; Child support ; Fighting over Fido : the pain of pet custody disputes ; DIY, mediation, and collaborative divorce -- Three: Babies, children, and teens. Making babies ; Adoption ; School support ; Advocating for a special needs child ; Your misbehaving teens ; Campus safety -- Four: Employment issues. On the job ; Household help -- Five: Protecting yourself. Online essentials ; Domestic violence -- Six: Later life issues. Taking charge I : medical decisions and powers of attorney ; Taking charge II: estate planning ; Managing Mom, Dad, and other older loved ones-- Seven: Finding legal help. Hiring a lawyer, or doing it yourself. |
| 650 #0 - SUBJECT ADDED ENTRY--TOPICAL TERM | |
| Topical term or geographic name entry element | Women |
| General subdivision | Legal status, laws, etc. |
| Geographic subdivision | United States. |
| 650 #0 - SUBJECT ADDED ENTRY--TOPICAL TERM | |
| Topical term or geographic name entry element | Legal assistance to women |
| Geographic subdivision | United States. |
| 655 #7 - INDEX TERM--GENRE/FORM | |
| Genre/form data or focus term | Law for laypersons. |
| Source of term | lcgft. |
| Withdrawn status | Lost status | Damaged status | Not for loan | Home library | Current library | Shelving location | Date acquired | Total checkouts | Full call number | Barcode | Date last seen | Price effective from | Koha item type |
|---|---|---|---|---|---|---|---|---|---|---|---|---|---|
| Liberty | Liberty | General stacks | 22/03/2026 | 346.0134 23 | BC0011463 | 22/03/2026 | 22/03/2026 | Books |